| 000 | 00986nam a2200253 i 4500 | ||
|---|---|---|---|
| 001 | 179629 | ||
| 003 | ES-MaACL | ||
| 005 | 20250728113543.0 | ||
| 008 | 111227s2005 sp | |||| ||spa d | ||
| 080 | _a248(4)(063) | ||
| 111 | 2 |
_aEncuentro en Can Bordoi ( _n2º. _d2005. _cLlinars del Vallès) _9154941 |
|
| 245 | 1 | 1 |
_a¿Qué pueden ofrecer las tradiciones religiosas a las sociedades del siglo XXI? / _cEncuentros en Can Bordoi, Segundo Encuentro, 28 de junio-2 de julio 2005. |
| 250 | _a1ª ed. | ||
| 260 |
_aBarcelona : _bCETR, _c2005. |
||
| 300 |
_a310 p. ; _c20 cm. |
||
| 490 | 1 |
_aEncuentros en Can Bordoi ; _v2 |
|
| 504 | _aReferencias bibliográficas. | ||
| 650 | 7 |
_aReligiones- _vCongresos y asambleas _2 _9154942 |
|
| 710 | 2 |
_aCentro de Estudio de las Tradiciones Religiosas. _9154936 |
|
| 830 | 0 |
_aEncuentros en Can Bordoi ; _v2 _9186780 |
|
| 852 |
_aES-MaACL _jA-11772 _9186526 _bR.146050 _cDEPO1 _dOlim: N-4777 |
||
| 942 |
_2udc _cMONOGRAFIA |
||
| 999 |
_c179629 _d179629 |
||